|
|
|
|
| LEADER |
00000nab a2200000ua 4500 |
| 001 |
vtls010761969 |
| 003 |
SK-MaSNL |
| 005 |
20260304200112.0 |
| 008 |
250718s2011 xo |||||||||||||||||slo| |
| 035 |
|
|
|a (urnnbn)urn:nbn:sk:snk:ar-a01til
|
| 035 |
|
|
|a (uuid)256e11a3-dc2a-4d67-a210-42335fcb7d59
|
| 035 |
|
|
|a urn:nbn:sk:snk-ab4gds
|
| 040 |
|
|
|a SNKBUCL
|b slo
|c SNKBUCL
|e AACR2
|
| 041 |
0 |
|
|a slo
|
| 044 |
|
|
|a xo
|c SK
|
| 100 |
1 |
|
|a Füleky, Maroš
|4 aut
|9 1307837
|
| 245 |
1 |
0 |
|a Spravovanie obsahu poštových schránok
|c Maroš Füleky
|
| 773 |
0 |
|
|t InfoWare : magazín IT profesionálov
|g Roč. 7, č. 1 - 2 (2011), s. 52
|
| 850 |
|
|
|a Slovenská národná knižnica
|
| 852 |
|
|
|a Slovenská národná knižnica
|
| 954 |
|
|
|a odborná, vedecká literatúra pôvodná (slovenská)
|2 lita
|
| 958 |
|
|
|a article3
|
| 958 |
|
|
|a OND
|
| 958 |
|
|
|a EUIPO
|
| 999 |
|
|
|c 3085293
|d 3087223
|